| 000 | 00445nam a2200145 i 4500 | ||
|---|---|---|---|
| 001 | 41500 | ||
| 003 | ES-MaACL | ||
| 005 | 20230906160437.0 | ||
| 007 | t| | ||
| 008 | 030311s1909 sp ||||1| spa d | ||
| 100 | 1 |
_aCarazo Tamayo, Abelardo. _934984 |
|
| 245 | 1 | 0 |
_aHospital de San Julian y San Enrique _b: memoria presentada el 21 de enero de 1909 / _cAbelardo Carazo Tamayo. |
| 260 |
_aBurgos : _b[s.n., _c1909] |
||
| 852 |
_aES-MaACL _jT-1176-F-3 |
||
| 999 |
_c41500 _d41500 |
||